| 000 | 01259nam a2200361 a 4500 | ||
|---|---|---|---|
| 001 | vtls000183916 | ||
| 003 | NLI | ||
| 005 | 20210602111252.0 | ||
| 008 | 101125s2005 enk 001 0 eng | ||
| 020 |
_a14039480388 : _cPND 50.00 |
||
| 039 | 9 |
_y201011252215 _zVLOAD |
|
| 040 |
_aNLI _beng _cDatasoft 1 _eAACR2 |
||
| 041 | 0 | _aeng | |
| 044 | _aenk | ||
| 082 | 0 | 4 | _a327.1709051 |
| 245 | 0 | 0 |
_aInternalizing globalization : _bthe rise of neoliberalism and the decline of national varieties of capitalism / _cedited by Susanne Soederberg, Georg Menz and Philip G. Cerny |
| 260 |
_aBasingstoke : _bPalgrave Macmillan, _c2005 |
||
| 300 |
_axiii, 297 p. ; _c23 cm. |
||
| 440 | 0 | _aInternational political economy series | |
| 504 | _aIncludes bibliographical references and index | ||
| 650 | 0 |
_aGlobalization _92610 |
|
| 650 | 0 |
_aNeoliberalism _9359427 |
|
| 650 | 0 |
_aCapitalism _95472 |
|
| 650 | 0 |
_aEconomic policy _92783 |
|
| 700 | 1 |
_aSoederberg, Susanne, _d1966-, _4edt _9359428 |
|
| 700 | 1 |
_aMenz, Georg, _d1973, _4edt _9359429 |
|
| 700 | 1 |
_aCerny, Philip G., _d1946-, _4edt _9291775 |
|
| 887 | _a | ||
| 901 |
_a555340 _b21.02.2007 |
||
| 902 | _aE 327.1709051 In 8 | ||
| 942 |
_2ddc _cBKS |
||
| 949 |
_AVIRTUAITEM _D10000 _X100 _6PUR000555340ENG |
||
| 999 |
_aVIRTUA40 _c190819 _d190819 |
||